000 00596nam a2200229Ia 4500
003 OSt
005 20220924132423.0
006 a|||||r|||| 00| 0
007 ta
008 220923b |||||||| |||| 00| 0 san d
024 _a53448
037 _cTextual
040 _aARTS
_cARTS
_bsan
041 _2san
_asan
082 _aP15:C4x1:1, 15A
100 _aAmara
_9204272
245 0 _aKosa ed with the comm Rasala and notes etc. by Shaktidhar Shukla
260 _c1900
650 _aLINGUISTICS
942 _hP15:C4x1:1, 15A
_cTEXL
_2CC
999 _c430246
_d430246